Catálogo

Descubriendo lo oculto : (Registro nro. 66625)

Detalles MARC
000 -LEADER
fixed length control field 01529nam a2200373 u 4500
001 - CONTROL NUMBER
control field 66625
003 - CONTROL NUMBER IDENTIFIER
control field Mx-PuUPA
005 - DATE AND TIME OF LATEST TRANSACTION
control field 20250512141519.0
008 - FIXED-LENGTH DATA ELEMENTS--GENERAL INFORMATION
fixed length control field 170121s2015 mx ad gr 000 0 spa d
020 ## - INTERNATIONAL STANDARD BOOK NUMBER
International Standard Book Number 9789585861589
040 ## - CATALOGING SOURCE
Transcribing agency Mx-PuUPA
Original cataloging agency Mx-PuUPA
Language of cataloging spa
Modifying agency Mx-PuUPA
Description conventions rda
041 0# - LANGUAGE CODE
Language code of text/sound track or separate title spa
100 1# - MAIN ENTRY--PERSONAL NAME
Personal name Villarreal, José Luis
Relator term autor
9 (RLIN) 16990
245 10 - TITLE STATEMENT
Title Descubriendo lo oculto :
Remainder of title capital intelectual generador de valor agregado organizacional /
Statement of responsibility, etc. José Luis Villarreal, Bolívar Arturo Delgado, Luis Andrés Maya Pantoja, Liliana Elizabeth Ruíz Acosta
246 14 - VARYING FORM OF TITLE
Title proper/short title Descubriendo lo oculto :
Remainder of title capital intelectual como generador de valor agregado organizacional.
250 ## - EDITION STATEMENT
Edition statement Primera edición
264 #1 - PRODUCTION, PUBLICATION, DISTRIBUTION, MANUFACTURE, AND COPYRIGHT NOTICE
Place of production, publication, distribution, manufacture Colombia :
Name of producer, publisher, distributor, manufacturer Editorial UNIMAR,
Date of production, publication, distribution, manufacture, or copyright notice 2015
300 ## - PHYSICAL DESCRIPTION
Extent 153 páginas :
Other physical details ilustraciones, gráficas, tablas ;
Dimensions 23 cm
336 ## - CONTENT TYPE
Content type term texto
Fuente rdacontent
Content type code txt
337 ## - MEDIA TYPE
Media type term sin medio
Source rdamedia
Media type code n
338 ## - CARRIER TYPE
Carrier type term volumen
Source rdacarrier
Carrier type code nc
490 0# - SERIES STATEMENT
Series statement Colección Resultado de Investigación
650 #7 - SUBJECT ADDED ENTRY--TOPICAL TERM
Source of heading or term armarc
Topical term or geographic name entry element Valor económico agregado
650 #7 - SUBJECT ADDED ENTRY--TOPICAL TERM
Source of heading or term armarc
Topical term or geographic name entry element Capital intelectual
650 #7 - SUBJECT ADDED ENTRY--TOPICAL TERM
Source of heading or term armarc
Topical term or geographic name entry element Gestión del conocimiento
650 #7 - SUBJECT ADDED ENTRY--TOPICAL TERM
Source of heading or term armar
Topical term or geographic name entry element Aprendizaje organizacional
700 1# - ADDED ENTRY--PERSONAL NAME
Personal name Arturo Delgado, Bolívar,
Relator term autor
700 1# - ADDED ENTRY--PERSONAL NAME
Personal name Maya Pantoja, Luis Andrés,
Relator term autor
700 1# - ADDED ENTRY--PERSONAL NAME
Personal name Ruíz Acosta, Liliana Elizabeth,
Relator term autor
942 ## - ADDED ENTRY ELEMENTS (KOHA)
Koha item type Libro
Source of classification or shelving scheme Dewey Decimal Classification
Classification part 658.402
Item part V65
Existencias
Withdrawn status Lost status Source of classification or shelving scheme Damaged status Not for loan Collection code Home library Current library Shelving location Date acquired Source of acquisition Total Checkouts Full call number Barcode Date last seen Date last checked out Price effective from Koha item type
    Dewey Decimal Classification     General Biblioteca Karol Wojtyla Biblioteca Karol Wojtyla Sala general 03/12/2013 Donación 1 658.402 V65 2015 46228 05/01/2026 03/07/2025 03/12/2013 Libro